| 000 | 00384nam a2200133Ia 4500 | ||
|---|---|---|---|
| 008 | 170516s9999 xx 000 0 und d | ||
| 245 | _aPost-traumatic myositis ossificans | ||
| 260 | _bSouth African Journal of Radiology | ||
| 260 | _c2014 | ||
| 300 | _a18:2 | ||
| 650 | _xRadiologic Technology | ||
| 650 | _xRadtech | ||
| 856 | _uhttp://www.sajr.org.za/index.php/sajr/issue/view/51 | ||
| 999 |
_c332722 _d332722 |
||